Možnosti využitia sociálnych sietí pre podnikové aktivity bakalárska práca

Uložené v:
Podrobná bibliografia
Hlavný autor: Srnková, Jana
Korporativný autor: Fakulta hospodárskej informatiky EU. Katedra aplikovanej informatiky
Ďalší autori: Ondrejková, Anna
Médium: Kniha
Jazyk:Slovak
Vydavateľské údaje: Bratislava 2011
Tagy: Pridať tag
Žiadne tagy, Buďte prvý, kto otaguje tento záznam!

MARC

LEADER 00000nbm a2200000 4500
001 0141301
005 20161109111748.3
041 0 |a slo 
044 |a SK 
245 1 0 |a Možnosti využitia sociálnych sietí pre podnikové aktivity  |b bakalárska práca  |c Jana Srnková ; školiteľ: Anna Ondrejková 
264 1 |a Bratislava  |c 2011 
300 |a 46 s. 
100 1 |a Srnková, Jana 
700 1 |a Ondrejková, Anna 
710 2 |a Fakulta hospodárskej informatiky EU. Katedra aplikovanej informatiky